Ageing in India / (Record no. 65209)

MARC details
000 -LEADER
fixed length control field 00545nam a22001457a 4500
005 - DATE AND TIME OF LATEST TRANSACTION
control field 20120418122434.0
020 ## - INTERNATIONAL STANDARD BOOK NUMBER
Terms of availability 00.00
035 ## - SYSTEM CONTROL NUMBER
System control number B-8293
037 ## - SOURCE OF ACQUISITION
Stock number DPL
Source of stock number/acquisition ENG
245 ## - TITLE STATEMENT
Title Ageing in India /
Statement of responsibility, etc edited by S.D. Gokhale and others
260 ## - PUBLICATION, DISTRIBUTION, ETC. (IMPRINT)
Place of publication, distribution, etc Mumbai
Name of publisher, distributor, etc Somaiya Publications Pvt. Ltd.
Date of publication, distribution, etc 1999
300 ## - PHYSICAL DESCRIPTION
Extent xiv, 238p.
Dimensions 20 cms.
942 ## - ADDED ENTRY ELEMENTS (KOHA)
Source of classification or shelving scheme Dewey Decimal Classification
Item type English Books
Classification part 305.260954
Call number suffix GOK
Holdings
Withdrawn status Lost status Not for loan Collection code Home library Current library Date acquired Cost, normal purchase price Full call number Barcode Cost, replacement price Koha item type Public note
      Non-fiction Sarojini Nagar Sarojini Nagar 18/04/2012 0.00 305.260954 GOK B-8293 0.00 English Books Withdrawn List Prepared L.No.06/1

© Delhi Public Library
Hit Counter
free hit counter